[Event "Krajsky prebor jednotlivcu KHSS"]
[Site "Janske Lazne"]
[Date "2015.05.06"]
[Round "2.26"]
[White "Hatas, Radim"]
[Black "Steiner, Pavel"]
[Result "0-1"]
[WhiteElo "1642"]
[BlackElo "1845"]
[PlyCount "82"]
[EventDate "2015.05.05"]

1. e4 c5 2. Nc3 e6 3. g3 Nc6 4. Bg2 Be7 5. d3 Nf6 6. f4 d5 7. e5 Nd7 8. Nf3 a6
9. O-O b5 10. h3 Nb6 11. Kh2 Qc7 12. Ne2 Bb7 13. Be3 d4 14. Bf2 h6 15. Qd2 Nd5
16. g4 g5 17. Rae1 h5 18. gxh5 gxf4 19. Nxf4 Nxe5 20. Nxe5 Bd6 21. Bg3 Ne3 22.
Rxe3 dxe3 23. Qxe3 Bxe5 24. Nd5 Bxg3+ 25. Kg1 Bxd5 26. Bxd5 Rd8 27. Bxe6 Qe5
28. Bxf7+ Ke7 29. Qf3 Rd7 30. Kh1 Rf8 31. h6 Bh4 32. h7 Bf6 33. Bg6 Rh8 34. Qf2
Qd4 35. Re1+ Kd6 36. Qg3+ Be5 37. Qf3 Qf4 38. Qe2 Rg7 39. Rf1 Qg3 40. Bf5 Rhxh7
41. Bxh7 Rxh7 0-1

[Event "Krajsky prebor jednotlivcu KHSS"]
[Site "Janske Lazne"]
[Date "2015.05.06"]
[Round "2.27"]
[White "Nosek, Jan"]
[Black "Sadil, Jan"]
[Result "0-1"]
[WhiteElo "1833"]
[BlackElo "1705"]
[PlyCount "90"]
[EventDate "2015.05.05"]

1. e4 e5 2. Nf3 Nc6 3. Bb5 a6 4. Ba4 Bc5 5. c3 b5 6. Bb3 Nge7 7. O-O O-O 8. d4
exd4 9. cxd4 Bb6 10. Nc3 d6 11. h3 Ng6 12. a4 bxa4 13. Bg5 Qe8 14. Bxa4 Bd7 15.
Nd5 Qxe4 16. Nxb6 cxb6 17. Bc2 Qd5 18. Bb3 Qb5 19. Ba4 Qb4 20. Bd2 Qc4 21. Rc1
Qd5 22. Bb3 Qh5 23. d5 Nce5 24. Nxe5 Qxd1 25. Rfxd1 Nxe5 26. Bb4 Bb5 27. Bxd6
Nd3 28. Bxf8 Nxc1 29. Rxc1 Kxf8 30. Rc7 Rd8 31. d6 Be8 32. Ra7 a5 33. d7 Rxd7
34. Ra8 Ke7 35. Ba4 Rd8 36. Ra7+ Kf6 37. Bb3 Rd2 38. Ra6 Rxb2 39. Rxb6+ Ke5 40.
Rb7 Ba4 41. f4+ Kd4 42. Bd5 Rxb7 43. Bxb7 Bb3 44. Kf2 a4 45. Ke2 a3 0-1

[Event "Krajsky prebor jednotlivcu KHSS"]
[Site "Janske Lazne"]
[Date "2015.05.06"]
[Round "3.1"]
[White "Vojta, Tomas"]
[Black "Jedlicka, Lubos"]
[Result "1-0"]
[WhiteElo "2369"]
[BlackElo "2210"]
[PlyCount "81"]
[EventDate "2015.05.05"]
[WhiteClock "0:14:20"]
[BlackClock "0:03:08"]

1. e4 c5 2. f4 d5 3. exd5 Nf6 4. Nf3 Nxd5 5. Nc3 Nxc3 6. bxc3 g6 7. Ne5 Bg7 8.
Bc4 O-O 9. O-O Nd7 10. Qe2 Qc7 11. Nxf7 Nb6 12. Ne5+ e6 13. Ba3 Nd5 14. g3 a6
15. Rae1 Qa5 16. Bc1 b5 17. Nc6 Qc7 18. Bxd5 exd5 19. Ne7+ Kh8 20. Nxc8 Raxc8
21. Qe6 Qb7 22. Qe7 Rc7 23. Qd6 d4 24. Bb2 Rd7 25. Qe6 Rff7 26. cxd4 Rfe7 27.
Qg4 cxd4 28. f5 Rxe1 29. Rxe1 Re7 30. Re6 gxf5 31. Qxf5 Qd7 32. Re5 Qxf5 33.
Rxf5 Rc7 34. Rd5 h6 35. Bxd4 Bxd4+ 36. Rxd4 Rxc2 37. a3 Kg7 38. Kf2 Kf6 39. Ke3
Ke5 40. Rh4 Ra2 41. Rh5+ 1-0

[Event "Krajsky prebor jednotlivcu KHSS"]
[Site "Janske Lazne"]
[Date "2015.05.06"]
[Round "3.2"]
[White "Smajzr, Martin"]
[Black "Kozusek, Daniel"]
[Result "0-1"]
[WhiteElo "2204"]
[BlackElo "2337"]
[PlyCount "98"]
[EventDate "2015.05.05"]
[WhiteClock "0:03:15"]
[BlackClock "0:33:16"]

1. e4 e6 2. Qe2 b6 3. Nc3 Bb7 4. f4 Ne7 5. Nf3 d5 6. d3 g6 7. g3 Bg7 8. e5 c5
9. Bg2 Nf5 10. O-O Nc6 11. Qf2 f6 12. exf6 Qxf6 13. Re1 O-O 14. Nd1 Rae8 15. c3
Kh8 16. Ne5 Nxe5 17. fxe5 Qe7 18. Qe2 d4 19. c4 Bxg2 20. Qxg2 Qc7 21. Qe4 Ne7
22. g4 Rf7 23. Bf4 Ref8 24. Bg3 Bh6 25. Bh4 Rf4 26. Qe2 Bg7 27. Bg3 Rf3 28. a3
Nc6 29. Rb1 a5 30. b3 Bh6 31. Qe4 Qf7 32. Kg2 Rf1 33. Nb2 Qf3+ 34. Qxf3 R1xf3
35. Rbd1 Nb8 36. Re4 Be3 37. Rb1 Nd7 38. Na4 R3f7 39. b4 axb4 40. axb4 Ra8 41.
Nc3 dxc3 42. Rxe3 Ra2+ 43. Kh3 c2 44. Rc1 cxb4 45. d4 Rb2 46. d5 Nc5 47. dxe6
Nxe6 48. Rd3 b3 49. Re3 Rb1 0-1

[Event "Krajsky prebor jednotlivcu KHSS"]
[Site "Janske Lazne"]
[Date "2015.05.06"]
[Round "3.3"]
[White "Cap, Adam"]
[Black "Kowalczyk, Pawel"]
[Result "0-1"]
[WhiteElo "2195"]
[BlackElo "2292"]
[PlyCount "104"]
[EventDate "2015.05.05"]
[WhiteClock "0:05:24"]
[BlackClock "0:37:58"]

1. e4 c5 2. c4 Nc6 3. Nc3 g6 4. g3 Bg7 5. Bg2 d6 6. d3 Rb8 7. Nge2 a6 8. Be3 b5
9. Qd2 bxc4 10. dxc4 Ne5 11. b3 Bg4 12. Ng1 Qa5 13. Rc1 Qa3 14. Rc2 Nc6 15. Nb1
Qb4 16. h3 Bd7 17. Ne2 Nd4 18. Rc1 e5 19. Nbc3 Ne7 20. Nd5 Nxd5 21. cxd5 Qxd2+
22. Kxd2 h5 23. Bxd4 exd4 24. h4 O-O 25. Nf4 Rfe8 26. Rhe1 Bh6 27. Bf1 a5 28.
Bc4 a4 29. Kd3 Rb4 30. Rb1 Reb8 31. Kc2 axb3+ 32. axb3 Ba4 33. bxa4 Rxc4+ 34.
Kd3 Rc3+ 35. Kd2 Ra8 36. Ra1 Rb3 37. e5 dxe5 38. Rxe5 Bf8 39. Ra2 Rb4 40. a5
Rb5 41. a6 Rb6 42. a7 Rb7 43. Kd3 Bd6 44. Re4 Rbxa7 45. Rxa7 Rxa7 46. Kc4 Ra3
47. Re8+ Kg7 48. Kb5 Rb3+ 49. Kc6 Bxf4 50. gxf4 d3 51. Re1 c4 52. d6 d2 0-1

[Event "Krajsky prebor jednotlivcu KHSS"]
[Site "Janske Lazne"]
[Date "2015.05.06"]
[Round "3.4"]
[White "Valenta, Vit"]
[Black "Moravec, Vit"]
[Result "1/2-1/2"]
[WhiteElo "2167"]
[BlackElo "2222"]
[PlyCount "66"]
[EventDate "2015.05.05"]
[WhiteClock "0:17:28"]
[BlackClock "0:20:54"]

1. Nf3 c5 2. c4 Nf6 3. g3 g6 4. Bg2 Bg7 5. O-O O-O 6. Nc3 Nc6 7. e3 Rb8 8. d4
b6 9. b3 d6 10. Bb2 a6 11. Qe2 Bd7 12. Rfd1 Qc8 13. d5 Na5 14. e4 Ng4 15. h3
Ne5 16. Nxe5 dxe5 17. Kh2 Nb7 18. f4 Nd6 19. Rf1 b5 20. fxe5 Bxe5 21. Nd1 Bxb2
22. Nxb2 bxc4 23. bxc4 e5 24. Nd3 f6 25. Qc2 Qc7 26. Qc3 Kg7 27. Rab1 h5 28. h4
Bg4 29. Rxb8 Rxb8 30. Rf2 a5 31. Rc2 Bd1 32. Rd2 Bg4 33. Rc2 Bd1 1/2-1/2

[Event "Krajsky prebor jednotlivcu KHSS"]
[Site "Janske Lazne"]
[Date "2015.05.06"]
[Round "3.5"]
[White "Karlik, Vladimir"]
[Black "Sedivy, Martin"]
[Result "1-0"]
[WhiteElo "2312"]
[BlackElo "2049"]
[PlyCount "27"]
[EventDate "2015.05.05"]
[WhiteClock "1:10:58"]
[BlackClock "1:23:40"]

1. Nf3 d6 2. d4 c5 3. dxc5 dxc5 4. Qxd8+ Kxd8 5. Nc3 Bf5 6. e4 Bg6 7. Ne5 Nc6
8. Nxc6+ bxc6 9. Bf4 Nf6 10. O-O-O+ Ke8 11. Ba6 Rd8 12. Bb7 e6 13. Rxd8+ Kxd8
14. Rd1+ 1-0

[Event "Krajsky prebor jednotlivcu KHSS"]
[Site "Janske Lazne"]
[Date "2015.05.06"]
[Round "3.6"]
[White "Tazlar, Petr"]
[Black "Malinovsky, Petr"]
[Result "1/2-1/2"]
[WhiteElo "2229"]
[BlackElo "1969"]
[PlyCount "111"]
[EventDate "2015.05.05"]
[WhiteClock "0:14:18"]
[BlackClock "0:05:25"]

1. d4 d5 2. c4 e6 3. Nf3 c6 4. Nc3 dxc4 5. a4 Bb4 6. e3 b5 7. Be2 Nf6 8. O-O
Bxc3 9. bxc3 O-O 10. Ba3 Re8 11. Ne5 Nd5 12. Qc2 f6 13. Nf3 a6 14. Nd2 f5 15.
e4 Nf4 16. Bf3 Ra7 17. g3 Nh3+ 18. Kh1 Rd7 19. Bg2 Ng5 20. f4 Nf7 21. Bc5 a5
22. axb5 cxb5 23. Qb1 b4 24. cxb4 c3 25. Nc4 axb4 26. Qxb4 Na6 27. Qxc3 Nxc5
28. dxc5 Rd3 29. Qb2 Qd4 30. Qb5 Rd8 31. exf5 exf5 32. Rae1 Kf8 33. c6 Nd6 34.
Nxd6 Qxd6 35. Rc1 Be6 36. Qc5 Ke7 37. Rfe1 Qxc5 38. Rxc5 Rd1 39. Rce5 Rxe1+ 40.
Rxe1 Kd6 41. Rd1+ Kc7 42. Rxd8 Kxd8 43. Kg1 h6 44. Kf2 g5 45. Ke3 Kc7 46. Kd4
Kd6 47. c7 Kxc7 48. Ke5 Kd7 49. Bh3 gxf4 50. Kxf4 Ke7 51. Bxf5 Bf7 52. Ke5 Bb3
53. Be4 Bd1 54. h3 Kf7 55. Bf5 Kg7 56. Be4 1/2-1/2

[Event "Krajsky prebor jednotlivcu KHSS"]
[Site "Janske Lazne"]
[Date "2015.05.06"]
[Round "3.7"]
[White "Kaderabek, Jiri"]
[Black "Kotyza, Bohumil"]
[Result "1/2-1/2"]
[WhiteElo "2171"]
[BlackElo "1872"]
[PlyCount "34"]
[EventDate "2015.05.05"]
[WhiteClock "0:51:33"]
[BlackClock "1:25:25"]

1. d4 Nf6 2. Nf3 e6 3. g3 c5 4. Bg2 Nc6 5. c3 Qb6 6. O-O cxd4 7. cxd4 d5 8. Nc3
Bd7 9. Re1 Rc8 10. e4 dxe4 11. Nxe4 Nxe4 12. Rxe4 Nb4 13. d5 Bc5 14. dxe6 Bxe6
15. a3 Bxf2+ 16. Kh1 Nc2 17. Rb1 O-O 1/2-1/2

[Event "Krajsky prebor jednotlivcu KHSS"]
[Site "Janske Lazne"]
[Date "2015.05.06"]
[Round "3.8"]
[White "Framberk, Jan"]
[Black "Juricek, Stanislav"]
[Result "1/2-1/2"]
[WhiteElo "2050"]
[BlackElo "2097"]
[PlyCount "61"]
[EventDate "2015.05.05"]
[WhiteClock "0:12:54"]
[BlackClock "0:17:01"]

1. e4 e6 2. d3 c5 3. g3 Nc6 4. Bg2 Nf6 5. Nf3 d6 6. Nc3 Be7 7. O-O O-O 8. d4
cxd4 9. Nxd4 Bd7 10. Be3 a6 11. a4 Qc7 12. Nb3 Ne5 13. Bd4 Nc4 14. Ne2 Bc6 15.
Qd3 b5 16. axb5 axb5 17. Bc3 e5 18. Nd2 Nxd2 19. Bxd2 Qb7 20. Bg5 Rfd8 21. Bxf6
Bxf6 22. Rfd1 h6 23. Nc3 b4 24. Nd5 Bxd5 25. Rxa8 Rxa8 26. Qxd5 Qxd5 27. Rxd5
Ra2 28. Rxd6 Rxb2 29. Rb6 Rxc2 30. Rxb4 g6 31. Bf1 1/2-1/2

[Event "Krajsky prebor jednotlivcu KHSS"]
[Site "Janske Lazne"]
[Date "2015.05.06"]
[Round "3.9"]
[White "Soural, Jan"]
[Black "Chalupecky, Vladimir"]
[Result "1-0"]
[WhiteElo "2211"]
[BlackElo "1962"]
[PlyCount "71"]
[EventDate "2015.05.05"]

1. d4 d6 2. c4 Nf6 3. Nc3 Nbd7 4. e4 e5 5. d5 Be7 6. Be3 O-O 7. f3 c6 8. Bd3
cxd5 9. cxd5 Nc5 10. Bc2 Nh5 11. Qd2 Bd7 12. b4 Na6 13. Rb1 Nc7 14. Nge2 Nb5
15. O-O Na3 16. Rb3 Nxc2 17. Qxc2 f5 18. exf5 Bxf5 19. Qd2 Bd7 20. Rc1 b5 21.
Ne4 a5 22. Ra3 a4 23. Rac3 Bf5 24. N2g3 Nxg3 25. Nxg3 Bg6 26. Rc7 Bh4 27. Ne4
Bxe4 28. fxe4 Qf6 29. Rb7 Rac8 30. h3 Rc4 31. Qe2 Rxe4 32. Rcc7 Bf2+ 33. Qxf2
Qg6 34. Rxg7+ Qxg7 35. Rxg7+ Kxg7 36. Bh6+ 1-0

[Event "Krajsky prebor jednotlivcu KHSS"]
[Site "Janske Lazne"]
[Date "2015.05.06"]
[Round "3.10"]
[White "Pycha, Patrik"]
[Black "Tichy, Miroslav"]
[Result "1/2-1/2"]
[WhiteElo "2142"]
[BlackElo "1957"]
[PlyCount "59"]
[EventDate "2015.05.05"]

1. e4 c5 2. Nc3 Nc6 3. g3 g6 4. Bg2 Bg7 5. d3 e6 6. Be3 b6 7. Qd2 Bb7 8. Nge2
h5 9. f4 Nge7 10. Nd1 d5 11. c3 dxe4 12. dxe4 Qxd2+ 13. Kxd2 Na5 14. b3 Nf5 15.
Bf2 O-O-O+ 16. Kc2 Nd6 17. Rf1 Bxe4+ 18. Bxe4 Nxe4 19. Be3 Nc6 20. Rc1 Rd7 21.
Nf2 Nd6 22. Rcd1 Rhd8 23. Ng1 Nf5 24. Bc1 Nce7 25. Rxd7 Rxd7 26. Ne4 Nd5 27.
Re1 Nd6 28. Nxd6+ Rxd6 29. Bb2 Kd8 30. Nf3 1/2-1/2

[Event "Krajsky prebor jednotlivcu KHSS"]
[Site "Janske Lazne"]
[Date "2015.05.06"]
[Round "3.11"]
[White "Peniska, Pavel"]
[Black "Safarik, Jakub"]
[Result "1/2-1/2"]
[WhiteElo "1929"]
[BlackElo "2138"]
[PlyCount "60"]
[EventDate "2015.05.05"]

1. e4 e6 2. d4 d5 3. Nd2 Nf6 4. e5 Nfd7 5. Bd3 c5 6. c3 Nc6 7. Ndf3 f6 8. exf6
Nxf6 9. Ne2 Bd6 10. O-O Qc7 11. g3 O-O 12. Bf4 e5 13. dxe5 Nxe5 14. Nxe5 Bxe5
15. Bxe5 Qxe5 16. Nf4 Bg4 17. Re1 Qd6 18. f3 Bd7 19. Bc4 Bc6 20. Bxd5+ Bxd5 21.
c4 Rad8 22. Nxd5 Nxd5 23. Qxd5+ Qxd5 24. cxd5 Rxd5 25. Rad1 Rfd8 26. Rxd5 Rxd5
27. Re2 Kf7 28. f4 b5 29. Kf2 a5 30. Ke3 Kf6 1/2-1/2

[Event "Krajsky prebor jednotlivcu KHSS"]
[Site "Janske Lazne"]
[Date "2015.05.06"]
[Round "3.12"]
[White "Haman, Jakub"]
[Black "Mladek, Richard"]
[Result "1-0"]
[WhiteElo "2137"]
[BlackElo "1904"]
[PlyCount "85"]
[EventDate "2015.05.05"]

1. d4 Nf6 2. Nf3 g6 3. c4 Bg7 4. Nc3 d6 5. g3 O-O 6. Bg2 Nbd7 7. O-O c5 8. d5
b6 9. e4 Ba6 10. Qa4 Bb7 11. Re1 Ng4 12. Qc2 e5 13. h3 Nh6 14. Bd2 f6 15. Re2
a6 16. Rf1 Nf7 17. Nh2 b5 18. b3 bxc4 19. bxc4 a5 20. Rb1 Ba6 21. Nb5 Bc8 22.
f4 Nb6 23. f5 g5 24. Bf3 Ra6 25. Qc1 Re8 26. Bh5 Re7 27. h4 h6 28. hxg5 hxg5
29. Bxf7+ Kxf7 30. Ng4 Rb7 31. Rh2 Qf8 32. Rh7 Kg8 33. Rh3 Kf7 34. Bxg5 fxg5
35. Qxg5 Ke8 36. Qg6+ Kd8 37. Nxd6 Nxc4 38. Rxb7 Nxd6 39. Rxg7 Nxe4 40. Rg8
Rxg6 41. Rxf8+ Ke7 42. fxg6 Kxf8 43. Rh8+ 1-0

[Event "Krajsky prebor jednotlivcu KHSS"]
[Site "Janske Lazne"]
[Date "2015.05.06"]
[Round "3.13"]
[White "Sobotnik, Petr"]
[Black "Portych, Vaclav"]
[Result "1/2-1/2"]
[WhiteElo "2020"]
[BlackElo "1877"]
[PlyCount "83"]
[EventDate "2015.05.05"]

1. c4 e5 2. Nc3 Nf6 3. Nf3 Nc6 4. d3 d5 5. cxd5 Nxd5 6. g3 Nxc3 7. bxc3 Bd6 8.
Bg2 O-O 9. O-O Rb8 10. Qc2 h6 11. Bd2 Be6 12. Rfd1 Qd7 13. Rab1 Bh3 14. Bh1 Ne7
15. c4 b6 16. Bc3 Ng6 17. Bb4 Rfd8 18. Rdc1 Bxb4 19. Rxb4 e4 20. dxe4 Nf4 21.
Ne1 Ne6 22. e3 Qd2 23. Rb2 Qxc2 24. Rbxc2 Nc5 25. f3 Be6 26. f4 g6 27. Bf3 Rd6
28. g4 Rbd8 29. f5 Bc8 30. e5 R6d7 31. Bd5 Kh7 32. Nf3 Re7 33. f6 Red7 34. Rc3
c6 35. Bxc6 Rd1+ 36. Kg2 Bxg4 37. Bd5 Bxf3+ 38. Kxf3 Rxc1 39. Rxc1 Nd3 40. Rc3
Nxe5+ 41. Kf4 Nd7 42. Bxf7 1/2-1/2

[Event "Krajsky prebor jednotlivcu KHSS"]
[Site "Janske Lazne"]
[Date "2015.05.06"]
[Round "3.14"]
[White "Steiner, Pavel"]
[Black "Stradej, Vlastimil"]
[Result "1-0"]
[WhiteElo "1845"]
[BlackElo "2013"]
[PlyCount "89"]
[EventDate "2015.05.05"]

1. d4 g6 2. c4 Bg7 3. e4 d6 4. Nc3 Nd7 5. f4 e5 6. fxe5 dxe5 7. d5 Nh6 8. Be2
O-O 9. Be3 f6 10. Qd2 Nf7 11. c5 b6 12. c6 Nb8 13. b4 a6 14. a4 f5 15. Nf3 Nd6
16. Bg5 Bf6 17. Bxf6 Qxf6 18. Bd3 f4 19. h3 h6 20. Qf2 g5 21. Nh2 h5 22. Nf1
Qg6 23. g3 Qf6 24. O-O-O Nf7 25. Rd2 Qd6 26. Na2 Nxc6 27. dxc6 Qxc6+ 28. Bc2
Be6 29. Kb2 Nd6 30. Qe2 f3 31. Qd3 Nc4+ 32. Kb1 Nxd2+ 33. Qxd2 Bxa2+ 34. Kxa2
Qf6 35. Ne3 c6 36. Nf5 Rfd8 37. Qe3 f2 38. Qxf2 Rd4 39. Qe1 Rad8 40. Nxd4 Rxd4
41. Rf1 Qe7 42. Bb3+ Kh8 43. Qe2 g4 44. Qe3 Qh7 45. Rf8+ 1-0

[Event "Krajsky prebor jednotlivcu KHSS"]
[Site "Janske Lazne"]
[Date "2015.05.06"]
[Round "3.15"]
[White "Vystrcil, Martin"]
[Black "Ruzickova, Radka"]
[Result "0-1"]
[WhiteElo "1999"]
[BlackElo "1777"]
[PlyCount "84"]
[EventDate "2015.05.05"]

1. e4 e6 2. d4 d5 3. Nd2 Nf6 4. e5 Nfd7 5. Bd3 c5 6. c3 Nc6 7. Ne2 Qb6 8. Nf3
cxd4 9. cxd4 f6 10. exf6 Nxf6 11. O-O Bd6 12. Re1 O-O 13. Nc3 a6 14. b3 Nb4 15.
Bb1 Qc7 16. Bb2 Bd7 17. h3 Nc6 18. Qd3 Nb4 19. Qd1 Rac8 20. a3 Nc6 21. Qd3 h6
22. b4 Ne7 23. b5 Qc4 24. Qd1 axb5 25. Bd3 Qc7 26. Nxb5 Bxb5 27. Bxb5 Qb6 28.
Qe2 Ne4 29. Bd7 Rcd8 30. Bxe6+ Kh8 31. Rab1 Bxa3 32. Bxa3 Qxe6 33. Rxb7 Rd7 34.
Rxd7 Qxd7 35. Ne5 Qa7 36. Bxe7 Rxf2 37. Qd1 Rd2 38. Qf3 Qxd4+ 39. Qe3 Qb2 40.
Qf3 Qxe5 41. Bb4 Qd4+ 42. Kh1 Qxb4 0-1

[Event "Krajsky prebor jednotlivcu KHSS"]
[Site "Janske Lazne"]
[Date "2015.05.06"]
[Round "3.16"]
[White "Tobiskova, Petra"]
[Black "Pychova, Nela"]
[Result "0-1"]
[WhiteElo "1777"]
[BlackElo "1980"]
[PlyCount "50"]
[EventDate "2015.05.05"]

1. c4 e5 2. g3 Nc6 3. Bg2 f5 4. Nc3 Nf6 5. e4 fxe4 6. Nxe4 Nxe4 7. Bxe4 Qf6 8.
Qf3 Bc5 9. Qxf6 gxf6 10. Ne2 d6 11. Bxc6+ bxc6 12. d3 Bf5 13. Kd2 Bh3 14. Ke1
Rb8 15. b3 Bf5 16. Kd2 Kd7 17. Bb2 Bb4+ 18. Bc3 d5 19. Rhe1 Ba3 20. d4 Rhe8 21.
f3 c5 22. dxc5 d4 23. Ba5 Bg6 24. g4 Re6 25. Bxc7 Bb4+ 0-1

[Event "Krajsky prebor jednotlivcu KHSS"]
[Site "Janske Lazne"]
[Date "2015.05.06"]
[Round "3.17"]
[White "Matejovsky, Ondrej"]
[Black "Dumkova, Daniela"]
[Result "1-0"]
[WhiteElo "1975"]
[BlackElo "1698"]
[PlyCount "99"]
[EventDate "2015.05.05"]

1. e4 c5 2. Nf3 d6 3. Bb5+ Bd7 4. Bxd7+ Qxd7 5. O-O Nf6 6. Re1 Nc6 7. c4 e6 8.
d4 cxd4 9. Nxd4 a6 10. Nc3 Be7 11. b3 O-O 12. Bb2 Rfd8 13. Nxc6 Qxc6 14. Qf3
Ne8 15. Rad1 Bf6 16. Rd3 b5 17. cxb5 axb5 18. a3 Qb7 19. b4 Rd7 20. e5 Qxf3 21.
gxf3 Be7 22. Nxb5 d5 23. Rc1 Rb7 24. Nd4 g6 25. Rdc3 Bg5 26. R1c2 Kf8 27. Rc8
Rxc8 28. Rxc8 Ke7 29. Bc1 Kd7 30. Rc3 Be7 31. Be3 Nc7 32. Kf1 f5 33. Nc6 Nb5
34. Na5 Nxc3 35. Nxb7 Kc6 36. Na5+ Kb5 37. Bd4 Na4 38. Ke2 Bd8 39. Nb7 Bc7 40.
Kd3 Nb6 41. Nc5 Nc4 42. f4 Bb8 43. Nxe6 Nxa3 44. Bc5 Kc6 45. Nd4+ Kd7 46. b5
Nc4 47. Nc6 Bc7 48. Kd4 Nb6 49. Nb4 Ke6 50. Na6 1-0

[Event "Krajsky prebor jednotlivcu KHSS"]
[Site "Janske Lazne"]
[Date "2015.05.06"]
[Round "3.18"]
[White "Rojikova, Lenka"]
[Black "Martinovsky, Miroslav"]
[Result "1-0"]
[WhiteElo "1969"]
[BlackElo "1854"]
[PlyCount "67"]
[EventDate "2015.05.05"]

1. e4 c5 2. Nf3 d6 3. d4 cxd4 4. Nxd4 Nf6 5. Nc3 g6 6. Be3 Bg7 7. f3 O-O 8. Qd2
Nc6 9. Bc4 a6 10. Bb3 Na5 11. O-O-O Nxb3+ 12. axb3 b5 13. Bh6 Bb7 14. Bxg7 Kxg7
15. h4 Rh8 16. h5 Nxh5 17. g4 Nf6 18. Qh6+ Kg8 19. e5 Ne8 20. Ne4 Bxe4 21. fxe4
Rc8 22. Rhf1 Qc7 23. Rf2 Ng7 24. Qf4 Rf8 25. exd6 exd6 26. g5 Nh5 27. Qe3 Re8
28. Ne2 Rc8 29. Nc3 Qc5 30. Qd2 Kg7 31. Nd5 Rhd8 32. Rdf1 Rd7 33. Rf3 a5 34.
Rc3 1-0

[Event "Krajsky prebor jednotlivcu KHSS"]
[Site "Janske Lazne"]
[Date "2015.05.06"]
[Round "3.19"]
[White "Vit, Jakub"]
[Black "Tovarek, Antonin"]
[Result "1-0"]
[WhiteElo "1720"]
[BlackElo "1963"]
[PlyCount "129"]
[EventDate "2015.05.05"]

1. c4 e5 2. Nc3 Nf6 3. g3 c6 4. Bg2 d5 5. cxd5 cxd5 6. d4 e4 7. Qb3 Nc6 8. e3
Be7 9. Nge2 O-O 10. Nf4 Na5 11. Qc2 Bg4 12. O-O Rc8 13. h3 Be6 14. Qe2 Nc4 15.
b3 Nb6 16. Bb2 Qd7 17. Rac1 Bd6 18. Nxe6 fxe6 19. Nb5 Be7 20. Rxc8 Rxc8 21. Nc3
a5 22. Rc1 a4 23. Qb5 a3 24. Qxd7 Nfxd7 25. Ba1 e5 26. Ne2 Rxc1+ 27. Nxc1 Bd6
28. Ne2 Kf7 29. Kf1 Nc8 30. dxe5 Nxe5 31. Nc3 Ke6 32. Nb5 g6 33. h4 Ng4 34. Bh3
h5 35. Bc3 Be5 36. Bxg4+ hxg4 37. Bxe5 Kxe5 38. Nxa3 Ne7 39. Nb5 Nc6 40. a3 d4
41. Ke2 d3+ 42. Kd2 Ne7 43. Nc7 Nd5 44. Ne8 Nf6 45. Nc7 Nd5 46. Nb5 Nb6 47. Nc3
Nd7 48. Na4 Kd5 49. Kc3 Ne5 50. Nb2 Kc5 51. b4+ Kd5 52. a4 Nf3 53. a5 Ne5 54.
b5 Kc5 55. a6 bxa6 56. bxa6 Nc6 57. Nc4 Na7 58. Ne5 Nb5+ 59. Kd2 Kb6 60. Nxg6
Nd6 61. Ne5 Kxa6 62. h5 Nf5 63. Nxg4 Kb5 64. h6 Ne7 65. Ne5 1-0

[Event "Krajsky prebor jednotlivcu KHSS"]
[Site "Janske Lazne"]
[Date "2015.05.06"]
[Round "3.20"]
[White "Sadil, Jan"]
[Black "Bulockin, Martin"]
[Result "1-0"]
[WhiteElo "1705"]
[BlackElo "1789"]
[PlyCount "75"]
[EventDate "2015.05.05"]

1. d4 Nf6 2. Nf3 g6 3. g3 Bg7 4. Bg2 O-O 5. O-O d6 6. b3 c5 7. c3 Qb6 8. Nbd2
cxd4 9. cxd4 Bf5 10. Bb2 Nc6 11. Nc4 Qc7 12. Rc1 Qd7 13. Ne3 Be4 14. Qd2 Rac8
15. d5 Nb8 16. Qd4 Nh5 17. Qxe4 Bxb2 18. Rxc8 Rxc8 19. Ng5 Bg7 20. Bh3 Qc7 21.
Bxc8 Qxc8 22. Qxe7 Qd7 23. Qxd7 Nxd7 24. Rc1 Be5 25. Rc7 Nhf6 26. Rxb7 Bd4 27.
Nc4 h6 28. Nf3 Bb6 29. Nxd6 Nc5 30. Rb8+ Kg7 31. Ne8+ Nxe8 32. Rxe8 Nb7 33. Ne5
Nd6 34. Ra8 Nb5 35. Nc4 Nc3 36. Nxb6 axb6 37. d6 Nxe2+ 38. Kf1 1-0

[Event "Krajsky prebor jednotlivcu KHSS"]
[Site "Janske Lazne"]
[Date "2015.05.06"]
[Round "3.21"]
[White "Stanek, Petr"]
[Black "Svec, Ludek"]
[Result "1-0"]
[WhiteElo "1902"]
[BlackElo "1714"]
[PlyCount "87"]
[EventDate "2015.05.05"]

1. e4 c5 2. Nf3 e6 3. d4 cxd4 4. Nxd4 Nf6 5. Bd3 Nc6 6. Nxc6 bxc6 7. O-O d6 8.
c4 Be7 9. b3 Nd7 10. Bb2 Bf6 11. Nc3 O-O 12. Qc2 Ne5 13. Rfd1 Qe7 14. Ba3 g6
15. Be2 c5 16. Bb2 Nc6 17. Nb5 Bxb2 18. Qxb2 Rd8 19. Qd2 Ba6 20. Nc3 Nd4 21.
Bd3 Kg7 22. f4 Bb7 23. Qe3 Rd7 24. Re1 Rad8 25. Qh3 Qf6 26. f5 Qe5 27. Rf1 a6
28. f6+ Kh8 29. Rac1 Rc7 30. Qh6 Rg8 31. Rf4 g5 32. Rf2 Rcc8 33. Rcf1 Rg6 34.
Qh5 Bc6 35. Nd5 exd5 36. exd5 Bb7 37. Bxg6 fxg6 38. Qh6 Rg8 39. f7 Nf5 40.
fxg8=Q+ Kxg8 41. Rxf5 gxf5 42. Qe6+ Qxe6 43. dxe6 Be4 44. Rd1 1-0

[Event "Krajsky prebor jednotlivcu KHSS"]
[Site "Janske Lazne"]
[Date "2015.05.06"]
[Round "3.22"]
[White "Havelka, Petr"]
[Black "Kabelka, Ondrej"]
[Result "0-1"]
[WhiteElo "1859"]
[BlackElo "1737"]
[PlyCount "48"]
[EventDate "2015.05.05"]

1. d4 c5 2. e3 Nf6 3. Nf3 g6 4. c4 Bg7 5. Nc3 O-O 6. Be2 cxd4 7. exd4 d5 8. c5
Nc6 9. Be3 Ne4 10. O-O Nxc5 11. dxc5 d4 12. Nxd4 Nxd4 13. Bxd4 Qxd4 14. Qxd4
Bxd4 15. Na4 Bd7 16. Rad1 e5 17. Nc3 Bc6 18. Bc4 Bxc5 19. Nd5 Kg7 20. b4 Bd4
21. Rfe1 Rfd8 22. Ne7 Ba4 23. Rc1 Rd7 24. Nd5 b5 0-1

[Event "Krajsky prebor jednotlivcu KHSS"]
[Site "Janske Lazne"]
[Date "2015.05.06"]
[Round "3.23"]
[White "Vorisek, Jakub"]
[Black "Peroutka, Ivo"]
[Result "1/2-1/2"]
[WhiteElo "1675"]
[BlackElo "1877"]
[PlyCount "67"]
[EventDate "2015.05.05"]

1. e4 e6 2. d4 d5 3. Nd2 Nc6 4. Bb5 Bd7 5. Ngf3 a6 6. Bxc6 bxc6 7. Nb3 Ne7 8.
e5 Ng6 9. O-O Be7 10. Bd2 O-O 11. a3 Qb8 12. Bc3 Qb6 13. Ba5 Qa7 14. Bb4 Rab8
15. Bxe7 Nxe7 16. Nc5 Bc8 17. b4 Rb5 18. c3 Ng6 19. a4 Rb8 20. a5 Ra8 21. Qc2
Qb8 22. h4 Rd8 23. h5 Nf8 24. Nd2 Qb5 25. Rae1 Nd7 26. Ndb3 Rf8 27. Re3 Qc4 28.
Rg3 Nxc5 29. Nxc5 f5 30. Qd2 Rf7 31. Qg5 Bd7 32. f4 Raf8 33. Rff3 Bc8 34. Rf1
1/2-1/2

[Event "Krajsky prebor jednotlivcu KHSS"]
[Site "Janske Lazne"]
[Date "2015.05.06"]
[Round "3.24"]
[White "Cerny, David"]
[Black "Nosek, Jan"]
[Result "1-0"]
[WhiteElo "1787"]
[BlackElo "1833"]
[PlyCount "71"]
[EventDate "2015.05.05"]

1. e4 c5 2. f4 Nc6 3. Nf3 g6 4. Nc3 Bg7 5. Bc4 d6 6. d3 e6 7. O-O Nge7 8. Re1
O-O 9. a4 Nd4 10. Nb5 Nxb5 11. axb5 Bd7 12. d4 Qb6 13. Be3 Bxb5 14. Bxb5 Qxb5
15. Qd2 b6 16. c3 Rfd8 17. e5 Nf5 18. Bf2 cxd4 19. Bxd4 dxe5 20. fxe5 Qd5 21.
Qf2 Bf8 22. Rad1 Qb3 23. g4 Nxd4 24. Nxd4 Qc4 25. Re3 Bc5 26. Rh3 Bxd4 27. cxd4
Qb4 28. Qh4 Qxb2 29. Qxh7+ Kf8 30. Qh8+ Ke7 31. Qf6+ Kd7 32. Qxf7+ Kc6 33.
Qxe6+ Kb7 34. Qf7+ Ka6 35. Rb3 Qe2 36. Ra1+ 1-0

[Event "Krajsky prebor jednotlivcu KHSS"]
[Site "Janske Lazne"]
[Date "2015.05.06"]
[Round "3.25"]
[White "Solc, Filip"]
[Black "Jina, Lubos"]
[Result "1-0"]
[WhiteElo "1816"]
[BlackElo "1772"]
[PlyCount "88"]
[EventDate "2015.05.05"]

1. e4 c5 2. Nf3 Nc6 3. d4 cxd4 4. Nxd4 e6 5. Nc3 a6 6. Be2 Nf6 7. Be3 Bb4 8. f3
O-O 9. O-O d6 10. Kh1 Nxd4 11. Bxd4 Ne8 12. Bc4 Bd7 13. f4 Rc8 14. Bd3 Bc5 15.
Bxc5 Rxc5 16. Qe2 g6 17. Qe3 Ng7 18. Rad1 Rc8 19. Rf3 f5 20. exf5 exf5 21. Be2
Bc6 22. Rh3 Qf6 23. Qd2 Rfd8 24. Rd3 Ne8 25. b3 b5 26. Nd5 Bxd5 27. Rxd5 Rd7
28. c4 Rdc7 29. cxb5 Rc2 30. Qe3 Qb2 31. R5d2 axb5 32. Rxc2 Qxc2 33. Qd3 Qxa2
34. Qxb5 Qb2 35. Qd5+ Kg7 36. Bc4 Nf6 37. Qb7+ Kh6 38. Qxc8 Ne4 39. Rf1 Nf2+
40. Kg1 Ng4 41. Qf8+ Kh5 42. Qe7 Qd4+ 43. Kh1 Nf6 44. Be2+ Kh6 1-0